| 000 | 00620cam a22002293a 4500 | ||
|---|---|---|---|
| 001 | 21638 | ||
| 003 | PGUSA | ||
| 005 | 20140828083448.0 | ||
| 008 | 070529s2007||||xxu|||||s|||||000 1 eng d | ||
| 040 |
_aPGUSA _beng |
||
| 042 | _adc | ||
| 050 | 4 | _aPS | |
| 100 | 1 |
_aCummings, Ray, _d1887-1957 |
|
| 245 | 1 | 0 |
_aTarrano the Conqueror _h[electronic resource] / _cRay Cummings |
| 260 |
_bProject Gutenberg, _c2007 |
||
| 506 | _aPublic domain in the USA. | ||
| 516 | _aElectronic text | ||
| 653 | _aScience fiction | ||
| 830 | 0 |
_aProject Gutenberg _v21638 |
|
| 856 | 4 | 0 | _uhttp://www.gutenberg.org/ebooks/21638 |
| 942 | _cEB | ||
| 999 |
_c250893 _d250893 |
||